Nota previa sobre el tratamiento de la sarna por el benzoato de bencilo / (Record no. 111379)

MARC details
000 -LEADER
campo de control de longitud fija 00725nam a2200193 i 4500
001 - NÚMERO DE CONTROL
campo de control 111379
003 - IDENTIFICADOR DE NÚMERO DE CONTROL
campo de control ES-MaACL
005 - FECHA Y HORA DE LA ÚLTIMA TRANSACCIÓN
campo de control 20230906185306.0
007 - CAMPO FIJO DE DESCRIPCIÓN FÍSICA--INFORMACIÓN GENERAL
campo de control de longitud fija t|
008 - DATOS DE LONGITUD FIJA--INFORMACIÓN GENERAL
campo de control de longitud fija 061121s1941 ag r ||||1| spa d
100 1# - ENTRADA PRINCIPAL--NOMBRE DE PERSONA
Nombre de persona Nájera Angulo, Luis.
9 (RLIN) 84870
245 10 - MENCIÓN DEL TÍTULO
Título Nota previa sobre el tratamiento de la sarna por el benzoato de bencilo /
Mención de responsabilidad, etc. por los Dres. Luis Nájera Angulo y Bernabé Jiménez Roldán.
260 ## - PUBLICACIÓN, DISTRIBUCIÓN, ETC.
Lugar de publicación, distribución, etc. Buenos Aires :
Nombre del editor, distribuidor, etc. [s.n.],
Fecha de publicación, distribución, etc. 1941 (
Fabricante Imp. Mercatali)
300 ## - DESCRIPCIÓN FÍSICA
Extensión 9 p. ;
Dimensiones 24 cm.
500 ## - NOTA GENERAL
Nota general Separata de la Rev. Médica latino-americana . N º 307, año XXVI, 1941.
650 #4 - PUNTO DE ACCESO ADICIONAL DE MATERIA--TÉRMINO DE MATERIA
Término de materia o nombre geográfico como elemento de entrada Sarna-
Subdivisión general Tratamiento.
9 (RLIN) 159120
700 1# - ENTRADA AGREGADA--NOMBRE PERSONAL
Nombre de persona Jiménez Roldán, Bernabé.
9 (RLIN) 66603
852 ## - LOCALIZACIÓN
Ubicación ES-MaACL
Número de control de estantería 1715-F-28
Sublocalización o colección R.19853
Holdings
Estatus retirado Estado de pérdida Estado de daño No para préstamo Colección Biblioteca de origen Biblioteca actual Ubicación en estantería Fecha de adquisición Fuente de adquisición Total de préstamos Signatura topográfica completa Código de barras Visto por última vez Precio de reemplazo Tipo de ítem Koha
        Colección de folletos Biblioteca del Ateneo de Madrid Biblioteca del Ateneo de Madrid Depósito folletos 17/01/2008     1715-F-28 1116198 23/02/2023 23/02/2023 Folleto